Pop-Up Generator Puzzle - Statistics

General Stats
  • This quiz has been taken 1,453 times
  • The average score is 12 of 21
Answer Stats
Hint Answer % Correct
Baby bear Boy
100%
Not a girl Cry
100%
Place in a grave Cub
96%
Person from Glasgow, eg. Bury
74%
Belonging to you Ruby
67%
Red precious stone Scot
67%
Planet's path Crust
66%
Bread's outer edge Trio
65%
Group of three musicians Your
65%
Talent finder Orbit
63%
Popped, like a balloon Scout
56%
Judge's workplace Burst
54%
Buxom, large-breasted Court
54%
Guided trips Busty
50%
Lemon, lime, eg. Tours
49%
Simple, rural Citrus
47%
Small restaurant Rustic
21%
Robust
20%
Sturdy, strong Curtsy
19%
Woman's bow of respect Bistro
18%
9-Letter Word OBSCURITY
7%
No matching quizzes found
Score Distribution
Percent of People with Each Score
Percentile by Number Answered
Your Score History
You have not taken this quiz